Geometry in the neighborhood of invariant manifolds of maps and flows and linearization

Αποθηκεύτηκε σε:
Λεπτομέρειες βιβλιογραφικής εγγραφής
Κύριος συγγραφέας: Kirchgraber, Urs 1945-
Άλλοι συγγραφείς: Palmer, Kenneth J. 1945-
Μορφή: Βιβλίο
Γλώσσα:English
Δημοσίευση: Harlow, Essex, England : New York : Longman Scientific & Technical, Wiley, 1990
Σειρά:Pitman research notes in mathematics series ; ; 233
Θέματα:
Ετικέτες: Προσθήκη ετικέτας
Δεν υπάρχουν, Καταχωρήστε ετικέτα πρώτοι!

MARC

LEADER 00000cam a2200000 i 4500
001 1/39083
008 941103s1990 eng d
020 |a 0582062683 
020 |a 0470216573 
035 |l 10040923 
035 |a 1993 
040 |a GR-MY-UA  |b gre  |e aacr 
041 0 |a eng 
082 0 |a 515.352  |2 (20) 
100 1 |a Kirchgraber, Urs  |d 1945- 
245 1 0 |a Geometry in the neighborhood of invariant manifolds of maps and flows and linearization /  |c U. Kirchgraber & K.J. Palmer 
260 |a Harlow, Essex, England :   |a New York :   |b Longman Scientific & Technical,   |b Wiley,   |c 1990 
300 |a 89 p.;  |b ill.;  |c 25 cm 
490 1 |a Pitman research notes in mathematics series  |v ; 233 
504 |a Includes bibliographical references (p. 86-89) 
650 0 0 |a Differentiable dynamical systems. 
650 0 0 |a Flows (Differentiable dynamical systems) 
650 0 0 |a Mappings (Mathematics) 
700 1 |a Palmer, Kenneth J.  |d 1945- 
830 0 |a Pitman research notes in mathematics series ;  |v ; 233 
852 |a INST  |b SAMOS  |e 19941103  |h 515.352 KIR  |p 005300007259  |q 005300007259  |t BK  |y 0 
909 |a Σ  |b 030623